| 000 | 01085ny a22003013n 4500 | ||
|---|---|---|---|
| 005 | 20240305165331.0 | ||
| 006 | m d |||||| | ||
| 007 | cr anunnnuuuaa | ||
| 008 | 751022c19759999iau p gv 0 eng d | ||
| 022 | 0 | _a0360-795X | |
| 035 | _a4027 | ||
| 040 | _dvLex | ||
| 050 | 0 | 0 |
_aK10 _b.O859 |
| 050 | 0 | 0 |
_aK10 _b.O859 |
| 090 |
_c1502 _d1502 |
||
| 245 | 0 | 4 |
_aThe Journal of corporation law _h[Recurso electrónico] |
| 256 | _aServicio en línea | ||
| 260 |
_a[Iowa City : _bUniversity of Iowa, College of Law] |
||
| 310 |
_aQuarterly _b, v. 7- |
||
| 506 | 1 |
_aContenido solo disponible en los productos indicados _dvLex Global _dvLex Global (Academic Edition, excluding Law Schools) _dvLex Global (U.S. Academic Edition, excluding Law Schools) |
|
| 650 | 0 | 4 |
_aSociedades _xDerecho _zEstados Unidos _xPublicaciones periódicas |
| 710 | 2 |
_aUniversity of Iowa. _bCollege of Law |
|
| 740 | 0 | _avLex Revista (Servicios en línea) | |
| 843 | _aElectrónica. Abierta | ||
| 853 |
_81 _i(year) _j(month) _k(day) |
||
| 856 | 4 | 0 | _uhttps://app.vlex.com/#/sources/4027 |
| 942 | _cRAA | ||
| 999 |
_c159968 _d159968 |
||